000 00410nam a2200145Ia 4500
005 20251222143150.0
008 251222s9999||||xx |||||||||||||| ||spa||
020 _a978-612-45747-0-2
082 _a658.15/F64
100 _aFlores Soria, Jaime
245 0 _aFinanzas Aplicadas a la Gestión Empresarial:
250 _a2a.ed.
264 _bCentro de Especialización en Contabilidad y Finanzas
942 _cLIB
999 _c12641
_d12641